Reglamento generale della Curia Romana

Kaydedildi:
Detaylı Bibliyografya
Materyal Türü: Kitap
Dil:İtalyanca
Baskı/Yayın Bilgisi: Ciudad del Vaticano Libreria Editrice Vaticana 1962
Konular:
Etiketler: Etiketle
Etiket eklenmemiş, İlk siz ekleyin!

MARC

LEADER 00000nam a2200000 a 4500
001 UCV3346
003 CL-VaPUC
008 930531e19620000VC |||||||||||||||||ita|d
082 0 4 |a 262.9  |b REG  |2 21 
245 1 0 |a Reglamento generale della Curia Romana 
300 |a 76 p 
942 |c BK 
945 |d 19930531 00:00:00 
260 |a Ciudad del Vaticano  |b Libreria Editrice Vaticana  |c 1962 
600 0 7 |a IGLESIA CATOLICA CURIA ROMANA  |2 CL-VaPUC  |9 258763 
650 0 |a Gobierno   |9 255508 
583 |a last modification  |c 19930531 00:00:00  |k Rodrigo Vera 
999 |c 210588  |d 210586 
952 |0 0  |1 0  |4 0  |6 262_900000000000000_REG_1962  |7 0  |8 DER_HDC  |9 186941  |a BIBDER  |b BIBDER  |d 2019-11-14  |i 2545977  |o 262.9 REG 1962  |p 2545977  |r 2023-01-25  |w 2019-11-14  |x Ubicación 4to Piso  |y BK  |z Estos recursos deben solicitarse con anticipación  |k DER